In the dark with my dress on fire : my life in Cape Town, London, Havana and home again (Record no. 156766)

MARC details
000 -LEADER
fixed length control field 00344nam a2200097Ia 4500
082 ## - DEWEY DECIMAL CLASSIFICATION NUMBER
Classification number 322.42092|LAGU
008 - FIXED-LENGTH DATA ELEMENTS--GENERAL INFORMATION
fixed length control field 210817s9999 xx 000 0 und d
100 ## - MAIN ENTRY--PERSONAL NAME
Personal name La Guma, Blanche Auckland Park, South Africa, 2010
9 (RLIN) 48074
245 #0 - TITLE STATEMENT
Title In the dark with my dress on fire : my life in Cape Town, London, Havana and home again
942 ## - ADDED ENTRY ELEMENTS
item type Books
Holdings
Withdrawn status Lost status Damaged status Not for loan Home library Current library Date acquired Cost, normal purchase price Total Checkouts Barcode Date last seen Price effective from item type
        Emthonjeni PL (MMID-PLEMA-EMTH) Emthonjeni PL (MMID-PLEMA-EMTH) 18.08.2021 117.00   3322810005929 18.08.2021 18.08.2021 Books